000 00470nam a2200193Ia 4500
005 20240823050129.0
008 240823s9999||||xx |||||||||||||| ||und||
020 _a978-81-317-2710-2
041 _aENGLISH
082 _A547.0028 Q3
100 _aMann F G et al.
245 0 _aPractical Organic Chemistry
250 _a4th
260 _c2013
_b"Pearson ,Sing"
500 _aTRANSFERED
650 _aorganic chemistry
_bChemistry
942 _cBK
999 _c216544
_d216544